000 00943cam a2200217 4500
001 WB3705-34
008 000000n2001 000 0 eng u
035 _a(Sirsi) u110650
245 _aCash boost for neighbourhood renewal
260 _c2001
490 _aDETR News Release
_v(027) 24 January 2001, (5)
520 _aDeputy Prime Minister, John Prescott, has announced a cash boost of £100m for neighbourhood renewal. The additional funding will be shared between the 88 local authorities in the most deprived areas, to help them meet the ambitious targets set out in the recently published Action Plan on Neighbourhood Renewal. Provides details of the neighbourhood renewal fund allocations for each local authority.
590 _aWB
650 _aNEIGHBOURHOOD RENEWAL FUND
650 _aLOCAL AUTHORITIES
650 _aDEPRIVED AREAS
650 _aURBAN RENEWAL
650 _aDETR
690 _aREGENERATION
942 _n0
999 _c65933
_d65933